Fundamentos de matemáticas
Salvato in:
| Autore principale: | |
|---|---|
| Natura: | Libro |
| Lingua: | Undetermined |
| Pubblicazione: |
México : Fondo Educativo Interamericano
1983.
|
| Soggetti: | |
| Tags: |
Aggiungi Tag
Nessun Tag, puoi essere il primo ad aggiungerne!!
|
MARC
| LEADER | 00000nam a2200000Ia 4500 | ||
|---|---|---|---|
| 003 | 003844 | ||
| 005 | 20230809085900.0 | ||
| 008 | 140114s9999 xx 000 0 und d | ||
| 040 | |c cru CEDI | ||
| 100 | |a Washington, Allyn J. |9 1049 | ||
| 245 | |a Fundamentos de matemáticas |c Allyn J. Washington ; versión de Hugo Pereyra | ||
| 260 | |a México : Fondo Educativo Interamericano |c 1983. | ||
| 300 | |a xiii, 767 páginas : ilustraciones ; 24 cm | ||
| 500 | |a Traducción de: Basic technical mathematics | ||
| 650 | |x MATEMATICAS | ||
| 942 | |2 ddc |c CEDI |h 510 W317f |6 510_000000000000000_W317F | ||
| 999 | |c 13129 |d 13129 | ||
